Ψεύτικες ή Πραγματικές Σημαίες #2 - Ξαφνικός Θάνατος - Statistics

General Stats
  • This quiz has been taken 32 times
  • The average score is 5 of 9
Answers on the Grid
Answers color-coded by a green-red scale on the quiz's grid according to % correct below.
Trulli
Trulli
Trulli
Trulli
Trulli
Trulli
Trulli
Trulli
Trulli
Trulli
Trulli
Trulli
Trulli
Trulli
Trulli
Trulli
Trulli
Trulli
 
Answer Stats
Answer % Correct
Trulli
100%
Trulli
62%
Trulli
54%
Trulli
46%
Trulli
46%
Trulli
46%
Trulli
38%
Trulli
38%
Trulli
38%
No matching quizzes found
Score Distribution
Percent of People with Each Score
Percentile by Number Answered
Your Score History
You have not taken this quiz